Datum a čas kvízu
20.5
Celkem bodů
Celkový počet nahraných bodů na tomto kvízu bez doplňovacích otázek.
9.
Pořadí na kvízu
Konečné umístění týmu na tomto kvízu.
Zaznamenané odpovědi
| # | Otázka | Odpověď | Body | Výsledky |
|---|---|---|---|---|
| 1. | Ministerstvo vnitra připustilo... | Denisa Rohanová | 0 | |
| 2. | Minulý týden bylo oznámeno obn... | Moskvič | 0 | |
| 3. | Jistá česká herečka má oficiál... | Simona Stašová | 0 | |
| 4. | V pondělí, po pěti dnech letu,... | Orion | 0 | |
| 5. | Ve dvou úvodních zápasech kter... | Polsko | 1 | |
| 6. | V následujících pěti otázkách... | bar, torr, atmosféra / pascal | 1 | |
| 7. | Odvozená jednotka SI elektrick... | farad | 0 | |
| 8. | Na lidské tělo, jehož odpor je... | 300 V | 0 | |
| 9. | Přiřaďte tyto jednotky k přísl... | 1A 2D 3C 4B | 0 | |
| 10. | Uzel je jednotka rychlosti pou... | B | 1 |